<?xml version="1.0" encoding="UTF-8"?>
<record
    xmlns:xsi="http://www.w3.org/2001/XMLSchema-instance"
    xsi:schemaLocation="http://www.loc.gov/MARC21/slim http://www.loc.gov/standards/marcxml/schema/MARC21slim.xsd"
    xmlns="http://www.loc.gov/MARC21/slim">

  <leader>01903agaaa2200325   4500</leader>
  <controlfield tag="001">2222</controlfield>
  <controlfield tag="003">IT-RoPAU</controlfield>
  <controlfield tag="005">20220918181258.0</controlfield>
  <controlfield tag="007">d cvaizq</controlfield>
  <controlfield tag="008">50131s9999||||xx ||| |     ||   ||und||</controlfield>
  <datafield tag="040" ind1=" " ind2=" ">
    <subfield code="a">IT-RoPAU</subfield>
    <subfield code="c">IT-RoPAU</subfield>
  </datafield>
  <datafield tag="041" ind1=" " ind2=" ">
    <subfield code="a">ITALIANO</subfield>
  </datafield>
  <datafield tag="100" ind1=" " ind2=" ">
    <subfield code="a">Allen Woody</subfield>
    <subfield code="g">Codice regista SPICS: 9980</subfield>
    <subfield code="9">52281</subfield>
  </datafield>
  <datafield tag="130" ind1=" " ind2=" ">
    <subfield code="a">OMBRE E NEBBIA</subfield>
    <subfield code="9">52282</subfield>
  </datafield>
  <datafield tag="240" ind1=" " ind2=" ">
    <subfield code="a">SHADOW AND FOG</subfield>
    <subfield code="g">T2755</subfield>
  </datafield>
  <datafield tag="245" ind1=" " ind2=" ">
    <subfield code="a">OMBRE E NEBBIA</subfield>
    <subfield code="c">Prodotto da: Greenhut Robert -- Sceneggiatura: Allen Woody -- Diretto da: Allen Woody</subfield>
    <subfield code="p">OMBRE E NEBBIA (Rif. Codice opera principale : C2222)</subfield>
  </datafield>
  <datafield tag="246" ind1=" " ind2=" ">
    <subfield code="a">SHADOW AND FOG</subfield>
  </datafield>
  <datafield tag="250" ind1=" " ind2=" ">
    <subfield code="a">Edizione Standard</subfield>
  </datafield>
  <datafield tag="260" ind1=" " ind2=" ">
    <subfield code="a">(USA)</subfield>
    <subfield code="b">ORION PICTURES / Distribuzione: COLUMBIA TRISTAR</subfield>
    <subfield code="g">"1991 (1&#xB0; ed.: 1994 ; Ed. Lingua Orig.: 1991)"</subfield>
  </datafield>
  <datafield tag="300" ind1=" " ind2=" ">
    <subfield code="a">VHS</subfield>
    <subfield code="b">sonoro, col.</subfield>
    <subfield code="c">104 minuti</subfield>
  </datafield>
  <datafield tag="508" ind1=" " ind2=" ">
    <subfield code="a">"Fotografia: Di Palma Carlo; Montaggio: Morse Susan E.; Sceneggiatura: Allen Woody; "</subfield>
  </datafield>
  <datafield tag="511" ind1=" " ind2=" ">
    <subfield code="a">"Allen Woody; Bates Kathy; Cusack John; Farrow Mia; Foster Jodie; Madonna "</subfield>
  </datafield>
  <datafield tag="520" ind1=" " ind2=" ">
    <subfield code="a">GERMANIA ANNI '20. UN MISTERIOSO STRANGOLATORE SEMINA IL TERRORE IN UNA PICCOLA CITTADINA DI PROVINCIA. GLI ABITANTI ESASPERATI ORGANIZZANO UNA SPIETATA CACCCIA ALL'UOMO SOSPETTANDOSI A VICENDA. TRA GLI INDIZIATI ANCHE IL MITE E PAVIDO IMPIEGATO KLEINMANN. NEL FRATTEMPO IN CITTA' HA PIANTATO LE TENDE UN CIRCO. KLEINMANN OSSESSIONATO DAL PENSIERO DI ESSERE ADDITATO COME COLPEVOLE SI RIFUGIA TRA LE BRACCIA DELLA DOLCE MANGIATRICE DI SPADE IRMY. MAL'ASSASSINO E' IN AGGUATO. L'UOMO SI SALVERA' DAL MOSTRO E DAI SOSPETTI GRAZIE ALLE ILLUSIONI DI UN MAGO DEL CIRCO. FILM IN BIANCO E NERO.</subfield>
  </datafield>
  <datafield tag="538" ind1=" " ind2=" ">
    <subfield code="a">PAL, STEREO</subfield>
  </datafield>
  <datafield tag="546" ind1=" " ind2=" ">
    <subfield code="a">ITALIANO</subfield>
  </datafield>
  <datafield tag="650" ind1=" " ind2=" ">
    <subfield code="a">DRAMMATICO</subfield>
    <subfield code="e">FILMS [VHS]</subfield>
    <subfield code="x">Codice MATERIA SPICS: 9960</subfield>
    <subfield code="9">34083</subfield>
  </datafield>
  <datafield tag="700" ind1=" " ind2=" ">
    <subfield code="a">Allen Woody </subfield>
    <subfield code="e">(regista)</subfield>
    <subfield code="g">Codice regista SPICS: 9980</subfield>
    <subfield code="9">52283</subfield>
  </datafield>
  <datafield tag="700" ind1=" " ind2=" ">
    <subfield code="a">Allen Woody </subfield>
    <subfield code="e">(soggetto)</subfield>
    <subfield code="g">Codice Soggetto SPICS: 9980</subfield>
    <subfield code="9">52284</subfield>
  </datafield>
  <datafield tag="942" ind1=" " ind2=" ">
    <subfield code="c">VH</subfield>
    <subfield code="2">ddc</subfield>
  </datafield>
  <datafield tag="999" ind1=" " ind2=" ">
    <subfield code="c">107484</subfield>
    <subfield code="d">107484</subfield>
  </datafield>
  <datafield tag="952" ind1=" " ind2=" ">
    <subfield code="0">0</subfield>
    <subfield code="1">0</subfield>
    <subfield code="4">0</subfield>
    <subfield code="6">C_2222_000000000000000</subfield>
    <subfield code="7">1</subfield>
    <subfield code="a">SPICS</subfield>
    <subfield code="b">SPICS</subfield>
    <subfield code="d">2015-01-31</subfield>
    <subfield code="l">0</subfield>
    <subfield code="o">C2222</subfield>
    <subfield code="r">2015-01-31 00:00:00</subfield>
    <subfield code="w">2015-01-31</subfield>
    <subfield code="y">VH</subfield>
    <subfield code="z">Progr. Ins.: 336 / N.Vol.:1 / Copie: 1 / Pag.:0 / Copia rara: n.d. / date import: 1.2.2015 / By Epidotti, Trombetti, Vaglietti</subfield>
  </datafield>
</record>
